| 000 | 00433cam a2200169ua 4500 | ||
|---|---|---|---|
| 020 | _c10.00 | ||
| 041 |
_aeng _h |
||
| 082 |
_a519.5 _bROS/EL |
||
| 100 | _aRosander, A C . | ||
| 245 |
_aElementary principles of statistics / _cA C Rosander. _hTextual Documents |
||
| 260 |
_aToronto : _bD Van nostrand co , _c1951. |
||
| 300 |
_a693 : _b506 ; . |
||
| 365 | _a10.00 | ||
| 504 | _a | ||
| 942 | _cBK | ||
| 999 |
_c10509 _d10509 |
||